Der Tod am Himmel, oder die Nachtgleiche des Herbstes

Titel: Der Tod am Himmel, oder die Nachtgleiche des Herbstes : Bemerkungen zu der Darstellung eines Gemäldes von Dominicus van Wijnen in dem Nationalmuseum in Warschau / Jan Willem Salomomson
Verfasser:
In: Muzeum Narodowe w Warszawie: Bulletin du Musée National de Varsovie,
alle Artikel anzeigen
Veröffentlicht: 1985
Umfang: Ill.
Format: Aufsatz
Sprache: Deutsch
Schlagworte:
Vorliegende Ausgabe: Online-Ausg. Heidelberg: Univ.-Bibl., 2015. - Online-Ressource.
Kein Bild verfügbar
X
alg: 47175917
001A    $06055:06-11-20 
001B    $01999:10-11-20 $t22:35:52.000 
001D    $06055:06-11-20 
001U    $0utf8 
001X    $00 
002@    $0Oox 
002C    $aText $btxt $2rdacontent 
002D    $aComputermedien $bc $2rdamedia 
002E    $aOnline-Ressource $bcr $2rdacarrier 
003@    $0471759171 
004U    $0urn:nbn:de:bsz:16-diglit-189014 $SV98 
007A    $0471759171 $aHEB 
007I    $0HHB-394143892 
007I    $0HHB-1464143897 
009Q    $SV98 $uhttp://digi.ub.uni-heidelberg.de/diglit/bmusvars1985/0075 $xH 
010@    $ager 
011@    $a1985 
011B    $a2015 
021A    $aDer @Tod am Himmel, oder die Nachtgleiche des Herbstes $dBemerkungen zu der Darstellung eines Gemäldes von Dominicus van Wijnen in dem Nationalmuseum in Warschau $hJan Willem Salomomson 
028A    $#Salomonson, J. W. $#Salomonson, Jan W. $#Salomonson, Jan W. $#Salomonson, J. W. $7126900892 $8Salomonson, Jan Willem$Z1925- [Tp1] $9157449785 
033N    $pHeidelberg $nUniv.-Bibl. 
033Q    $aOnline-Ressource 
034M    $aIll. 
037A    $aEnthalten in: 26(1985), Seite 61-78 
037G    $aOnline-Ausg. 
039B    $aIn $8--Obvc--Muzeum Narodowe w Warszawie [Tb1]. Bulletin du Musée National de Varsovie. - Varsovie : Musée, 1960-2009. - Online-Ressource. - ISSN 0027-3791. - DOI 10.11588/diglit.17134. - urn:nbn:de:bsz:16-diglit-171349 $9320356507 
044K    $#MW $#The @National Museum in Warsaw $#Musée National Warschau $#National-Museum Warschau $#National Museum Warschau $#Museo Warschau $#Nationaal Museum Warschau $#Museo Nazionale Warschau $#Museo Nacional Varsovia $#Museo Nacional Warschau $#Nacionalʹnyj Muzej $#MNW $#Nationalmuseum Warschau $#Varšuvos Nacionalinis Muziejus $#Musée National de Varsovie $#Musée National Warszawa $#Państwowe Muzeum Narodowe w Warszawie $#Museo nazionale di Varsavia $#NMW National Museum, Warszawa $#National Museum of Warsaw $#National Museum Warszawa $#Nationalmuseum Warszawa $#Muzeum Narodowe Warszawa $#National Museum in Warsaw $#National-Museum Warszawa $71008386-8 $8Muzeum Narodowe w Warszawie [Tb1] $9041912837 
044K    $#Van Wynen, Dominicus $#Wijnen, Domenicus van $#Ascanius $7124409334 $8Wynen, Dominicus$cvan$Z1661- [Tp1] $9109567072 
044K    $RMalerei $RGeschichte $#History in art $#History painting $#Histoire Dans l'art $#Geschichtsmalerei $#Historienbild $#Historienbilder $#Historiengemälde $74025097-0 $8Historienmalerei [Ts1] $9085062324 
045E    $c700 
045T    $a9,10 

lok: 47175917 3

exp: 47175917 3 1 #EPN
201B/01 $009-11-20 $t22:55:40.921 
201C/01 $009-11-20 
201U/01 $0utf8 
203@/01 $01129105342 
204U/01 $0urn:nbn:de:bsz:16-diglit-189014 $SV98 
208@/01 $a09-11-20 $bl 

lok: 47175917 78

exp: 47175917 78 1 #EPN
201B/01 $011-07-24 $t11:07:51.000 
201C/01 $011-07-24 
201U/01 $0utf8 
203@/01 $01266683992 
208@/01 $a11-07-24 $be 
209A/01 $a/ $f000 $x00 
209A/01 $ab*p $x01 
220C/01 $aeja 
244Z/01 $#Generalgouvernement Polen $#Polska $#Rzeczpospolita Polska $#Polska Rzeczpospolita Ludowa $#Poland $#Pologne $#République Polonaise $#Generalne Gubernatorstwo w Polsce $#Polish People's Republic $#Polska Rzeczpospolita Polen $#PRL $#RP $#Polen Generalgouvernement $#Polska Generalgouvernement $#Besetzte Polnische Gebiete $#Besetztes Gebiet in Polen $#Okupowane Polskie Obszary $#Obszary Okupowane w Polsce $#Volksrepublik Polen $#Polska Rosyjska $#Republic Polen $#Respublika Pol'ša $#Pol'skaja Narodnaja Respublika $#République de Pologne $#Polen Links der Weichsel $#Polska po Lewej Stronie Wisły $#Lenkija $#Polija $#Gubernija Carstva Pol'skago $#Republik Polen $74046496-9 $8--Tg1--Polen $x01 $9085129801 
247C/01 $82080>Marburg/Lahn, Herder-Institut, Forschungsbibliothek, Bibliographieportal $9336309341
LEADER 00000caa a22000002c 4500
001 471759171
003 DE-603
005 20201110223552.0
007 cr||||||||||||
008 201106s1985 xx |||| o| u00||u|ger c
024 7 |a urn:nbn:de:bsz:16-diglit-189014  |2 urn 
035 |a (DE-599)HEB471759171 
040 |a DE-603  |b ger  |c DE-603  |d DE-603 
041 |a ger 
084 |a 700  |q DE-101  |2 sdnb 
084 |a 9,10  |2 ssgn 
100 1 |a Salomonson, Jan Willem  |d 1925-  |0 (DE-603)157449785  |0 (DE-588)126900892  |2 gnd 
245 0 0 |a ˜Derœ Tod am Himmel, oder die Nachtgleiche des Herbstes  |b Bemerkungen zu der Darstellung eines Gemäldes von Dominicus van Wijnen in dem Nationalmuseum in Warschau  |c Jan Willem Salomomson 
264 0 |c 1985 
300 |b Ill. 
336 |a Text  |b txt  |2 rdacontent 
337 |a Computermedien  |b c  |2 rdamedia 
338 |a Online-Ressource  |b cr  |2 rdacarrier 
500 |a Enthalten in: 26(1985), Seite 61-78 
530 |a Online-Ausg. 
533 |b Heidelberg  |c Univ.-Bibl.  |d 2015  |e Online-Ressource  |7 s2015uuuuxx u| 
600 1 7 |a Wynen, Dominicus van  |d 1661-  |0 (DE-588)124409334  |0 (DE-603)109567072  |2 gnd 
610 1 7 |a Muzeum Narodowe w Warszawie  |2 gnd  |0 (DE-588)1008386-8  |0 (DE-603)041912837 
650 7 |a Historienmalerei  |0 (DE-588)4025097-0  |0 (DE-603)085062324  |2 gnd 
773 0 8 |i In  |a Muzeum Narodowe w Warszawie  |t Bulletin du Musée National de Varsovie  |d Varsovie : Musée, 1960-2009  |h Online-Ressource  |o 10.11588/diglit.17134  |o urn:nbn:de:bsz:16-diglit-171349  |x 0027-3791  |w (DE-603)320356507  |w (DE-600)2710807-7 
856 |u http://digi.ub.uni-heidelberg.de/diglit/bmusvars1985/0075  |x Verlag 
924 1 |9 603  |a (DE-603)1129105342  |b DE-603  |c HES  |d d 
924 1 |9 2080  |a (DE-603)1266683992  |b DE-2080  |c HES  |d d  |g /